000 00273nam a22001217a 4500
008 171002b xxu||||| |||| 00| 0 eng d
041 _aeng
080 _a37
100 _a47
101 _aEDU
245 _aWRITING AND SPEAKING FOR EXCELLENCE
_cJAMES,D.S
942 _2udc
_cBK
999 _c31114
_d31114